000 00550nam a2200205 a 4500
001 BRCA_7018
005 20190320205659.0
008 251111s1921----gw-#######---#000-0#ger-#
041 _ager
044 _agw
050 4 _aPT2645.O86
_b.Z35 1921
100 1 _aVoss, Richard
_d1851-1918
_917460
245 1 0 _aZwei Menschen
_broman in drei Toilen
_cvon Richard Voos
260 _aStuttgart, Alemania
_bJ. Engelhorns Nachf
_c1921
300 _a350 p.
_c20 cm.
500 _aO27
650 1 4 _aLiteratura Alemana
_96160
902 _aGFM
942 _2lcc
_cB
999 _c6699
_d6699